| 000 | 00742nam a2200229 i 4500 | ||
|---|---|---|---|
| 001 | 9757 | ||
| 003 | ES-MaACL | ||
| 005 | 20230906145742.0 | ||
| 007 | t| | ||
| 008 | 940104s1990 xxu |||| | eng d | ||
| 020 | _a0-674-95543-9 | ||
| 080 | _a392.65(44)"18/19" | ||
| 100 | 1 |
_aCorbin, Alain. _940470 |
|
| 245 | 1 | 0 |
_aWomen for hire _b: prostitution and sexuality in France after 1850 / _cAlain Corbin ; translated by Alan Sheridan. |
| 260 |
_aCambridge, Massachusetts ; _aLondon : _bHarvard University Press, _c1990. |
||
| 300 |
_aXVIII, 478 p. ; _c25 cm. |
||
| 500 | _aÍndices. | ||
| 504 | _aBibliografía: p.445-467. | ||
| 650 | 1 | 4 |
_aProstitución- _zFrancia. _9168236 |
| 700 | 1 |
_aSheridan, Alan. _9106097 |
|
| 852 |
_aES-MaACL _jL-17191 |
||
| 999 |
_c9757 _d9757 |
||